000 00771nam a2200253 4500
008
049 _aMAIN
090 _aQD453
100 1 _aWard, R. G.
245 0 3 _aAn introduction to the physical chemistry of iron & steel making /
_cR.G. Ward.
260 _aLondon :
_bE. Arnold,
_c1962
300 _a238p. :
_bill. ;
_c24cm.
504 _aIncludes bibliographical references.
500 _aIncludes index.
650 0 _aIron
_xMetallurgy.
650 0 _aSteel
_xMetallurgy.
650 0 _aChemistry, Physical and theoretical.
740 0 _aPhysical chemistry of iron & steel making.
907 _a.b10176068
_b22-09-05
_c20-09-05
003
005 20230123134113.0
040 _cNUST
942 _cBOOKS
_kQD453
999 _c160087
_d160087